| 000 | 00416nam a2200157Ia 4500 | ||
|---|---|---|---|
| 008 | 230312s9999||||xx |||||||||||||| ||und|| | ||
| 020 | _a81-203-3366-6 | ||
| 082 |
_a621.9023 _bSTE-C |
||
| 100 | _aStenerson,Jon | ||
| 245 | 0 | _aComputer Numerical Control | |
| 260 |
_bPrentice Hall _aIndia _c2007 |
||
| 300 | _a514 | ||
| 546 | _aEng. | ||
| 650 |
_aComputer _vG-Code Programming,Conversational Programming |
||
| 942 | _cBK | ||
| 999 |
_c1229 _d1229 |
||